Les 10 plus grandes unités urbaines des Ardennes - Statistiques

Statistiques générales
  • Ce quiz a été pris 108 fois
  • Le résultat moyen est 6 sur 10
Statistiques - réponses
Réponse Population Communes % Correct
Charleville-Mézières 61 899 8
100%
Sedan 27 845 7
99%
Rethel 10 065 3
92%
Givet 8 511 3
84%
Revin 7 462 1
63%
Nouzonville 7 525 2
49%
Fumay 5 941 2
44%
Bogny-sur-Meuse 6 235 2
42%
Carignan 4 596 3
42%
Vrigne-aux-Bois 6 889 2
27%
Aucun quiz correspondant
Distribution des résultats
% des personnes avec chaque résultat
Percentile par nombre de réponses
Votre historique - résultats
Vous n’avez pas pris ce quiz